01839cam a2200265 a 4500003000900000005001700009008004100026040002800067041000800095100003500103245022400138246019600362260005300558300004300611502010200654520053300756530002201289653003501311653002901346653004001375700004101415700004101456700004301497856003301540EG-GiCUC20250223031226.0150509s2014 ua dh f m 000 0 eng d aEG-GiCUCbengcEG-GiCUC0 aeng0 aAhmed Mohamad Abdelaal Kenawy 10aEvaluation of uterine scar and its possible defect after cesarean section by transvaginal ultrasound / cAhmed Mohamad Abdelaal Kenawy ; Supervised Hany Hassan Mostafa , Magdy Ibrahim Mostafa , Ahmed Mahmoud Sayed15aتقيم إحتمال إعتلالات الندب الرحمية ما بعد العملية القيصرية عن طريق الفحص المهبلى بالموجات فوق الصوتية aCairo : bAhmed Mohamad Abdelaal Kenawy , c2014 a87 P. : bcharts , facsimiles ; c25cm aThesis (Ph.D.) - Cairo University - Faculty of Medicine - Department of Gynecology and Obstetrics aThis cross-sectional study was intended to describe morphological criteria of cesarean section scar and or their defects (niches) through examination by transvaginal ultrasonography (TVS) during the non-pregnant state and to associate the CS defects with the related gynecological presentation and risk factors in such patients. The study involved 100 multiparous women with history of at least one previous CS recruited from the outpatient clinic of Aswan Teaching Hospital during the period from January 2011 to February 2013  aIssued also as CD 4a Cesarean section scar defects 4a Post menstrual spotting 4a Transvaginal ultrasonography (TVS)0 aAhmed Mahmoud Sayed , eSupervisor0 aHany Hassan Mostafa , eSupervisor0 aMagdy Ibrahim Mostafa , eSupervisor uhttp://172.23.153.220/th.pdf